Meteorology and Plant Protection, Calcutta, 1988 | Agrometeorological Information for Planning and Operation in AgricultureWith Particular Reference to Plant Protection Calcutta, India, 22-26 August 1988 (Record no. 32584)

000 -Cabeçalho
Cabeçalho 00476nam 22001333 4500
001 - Identificador do registo
Identificador do registo 32584
090 ## - Número de controle KOHA
Número biblioitem KOHA 32584
100 ## - Dados gerais de processamento
Dados gerais de processamento 20260317d u||y0pory50 ba
101 ## - Língua da publicação
Língua do texto, banda sonora, etc. Inglês
200 ## - Título e menção de responsabilidade
Título próprio Meteorology and Plant Protection, Calcutta, 1988
Informação de outro título Agrometeorological Information for Planning and Operation in AgricultureWith Particular Reference to Plant Protection Calcutta, India, 22-26 August 1988
Primeira menção de responsabilidade V. Krishnamurthy
Outras menções de responsabilidade G. Mathys
210 ## - Publicação, distribuição, etc.
Lugar da edição, distribuição, etc. Geneva
Data da publicação, distribuição, etc. 1988
317 ## - Nota de proveniência
Instituição e exemplar a que o campo se aplica INMG
801 ## - Fonte de origem
Regras de catalogação ISBD
942 ## - Informação adicional KOHA
Inibição de acesso no OPAC Não
Holdings
Situação do extravio Classificação interna Koha para ordenação Data de aquisição Número de registo Número interno Koha (auto-gerado) Biblioteca de aquisição Biblioteca de empréstimo Cota Fim da data de empréstimo Permissão de empréstimo Tipo de documento
  ESTANTE_3_PRAT_2_000000000000000 2026-03-17 8976 32574 Biblioteca da Sede Biblioteca da Sede Estante 3, Prat 2 2026-03-17   Monografias

Powered by Koha